Normal view MARC view

Entry Personal Name

Number of records used in: 1

001 - CONTROL NUMBER

  • control field: 8940

003 - CONTROL NUMBER IDENTIFIER

  • control field: DLC

005 - DATE AND TIME OF LATEST TRANSACTION

  • control field: 20211220112403.0

008 - FIXED-LENGTH DATA ELEMENTS

  • fixed length control field: 910817n| acannaab| |n aaa ||| b

010 ## - LIBRARY OF CONGRESS CONTROL NUMBER

  • LC control number: n 88211023

040 ## - CATALOGING SOURCE

  • Original cataloging agency: DNLM
  • Transcribing agency: DLC
  • Modifying agency: DLC

100 10 - HEADING--PERSONAL NAME

  • Personal name: Woods, James H.

670 ## - SOURCE DATA FOUND

  • Source citation: Winger, G. A handbook of drug and alcohol abuse, 1992:
  • Information found: CIP t.p. (James H. Woods.)

Powered by Koha